[Event "POL-chT 2nd League Juniors 2020"]
[Site "Sypniewo"]
[Date "2020.10.24"]
[Round "2.4"]
[White "Lewek, Jakub"]
[Black "Karaszewski, Gabriel"]
[Result "0-1"]
[WhiteElo "1260"]
[BlackElo "1614"]
[Annotator "NA RC"]
[PlyCount "58"]
[EventDate "2020.10.23"]
[EventType "team-tourn"]
[EventCountry "POL"]
[SourceTitle "playchess.com"]
[Source "ChessBase"]
[SourceQuality "1"]
[TimeControl "5400+30"]

1. e4 {[%emt 0:00:00]} c5 {[%emt 0:00:00]} 2. Nc3 Nc6 3. g3 {[%emt 0:00:03]} g6 {[%emt 0:00:00]} 4. Bg2 {[%emt 0:00:23]} Bg7 {[%emt 0:00:00]} 5. d3 {[%emt 0:01:20]} d6 {[%emt 0:00:07]} 6. f4 {[%emt 0:00:43]} e6 {[%emt 0:00:09]} 7. Nf3 {[%emt 0:00:31]} Nge7 {[%emt 0:00:06]} 8. Be3 {[%emt 0:01:36]} O-O {[%emt 0:00:09]} 9. O-O {[%emt 0:00:54]} b6 {[%emt 0:00:07]} 10. d4 {[%emt 0:05:43]} d5 {[%emt 0:01:59]} 11. exd5 {[%emt 0:11:51]} Nf5 {[%emt 0:00:09]} 12. Bf2 Ncxd4 {[%emt 0:01:26]} 13. Nxd4 {[%emt 0:13:55]} Nxd4 {[%emt 0:00:15]} 14. dxe6 {[%emt 0:04:00]} Bxe6 {[%emt 0:00:21]} 15. Bxa8 {[%emt 0:05:41]} Qxa8 {[%emt 0:00:45]} 16. Be3 {[%emt 0:09:01]} Rd8 {[%emt 0:02:59]} 17. Bd2 {[%emt 0:11:43]} h5 {[%emt 0:02:51]} 18. f5 {[%emt 0:12:49]} Bxf5 {[%emt 0:01:31]} 19. Be3 {[%emt 0:16:09]} Bg4 {[%emt 0:01:03]} 20. Qe1 {[%emt 0:01:29]} Nxc2 {[%emt 0:00:48]} 21. Qf2 {[%emt 0:00:34]} Nxe3 {[%emt 0:00:38]} 22. Qxe3 {[%emt 0:00:31]} Bd4 {[%emt 0:00:08]} 23. Qxd4 {[%emt 0:01:12]} Rxd4 {[%emt 0:00:06]} 24. Rae1 {[%emt 0:00:39]} Rd2 {[%emt 0:00:17]} 25. Rf2 {[%emt 0:00:24]} Rxf2 {[%emt 0:00:06]} 26. Kxf2 {[%emt 0:00:02]} Qf3+ {[%emt 0:00:09]} 27. Kg1 {[%emt 0:00:08]} Bh3 {[%emt 0:00:12]} 28. Re8+ {[%emt 0:00:14]} Kg7 {[%emt 0:00:11]} 29. Re2 {[%emt 0:00:38]} Qf1# {[%emt 0:00:05]} 0-1

[Event "POL-chT 2nd League Juniors 2020"]
[Site "Sypniewo"]
[Date "2020.10.24"]
[Round "2.5"]
[White "Lascar, Maria Elena"]
[Black "Zalucka, Emilia"]
[Result "1/2-1/2"]
[WhiteElo "1552"]
[BlackElo "1524"]
[Annotator "NA RC"]
[PlyCount "139"]
[EventDate "2020.10.23"]
[EventType "team-tourn"]
[EventCountry "POL"]
[SourceTitle "playchess.com"]
[Source "ChessBase"]
[SourceQuality "1"]
[TimeControl "5400+30"]

1. e4 {[%emt 0:00:00]} e5 {[%emt 0:00:00]} 2. Nf3 {[%emt 0:00:00]} Nc6 {[%emt 0:00:00]} 3. Bc4 {[%emt 0:00:11]} Bc5 {[%emt 0:00:00]} 4. c3 {[%emt 0:00:18]} Nf6 {[%emt 0:00:00]} 5. d4 {[%emt 0:00:12]} exd4 {[%emt 0:00:00]} 6. e5 {[%emt 0:00:08]} d5 {[%emt 0:00:20]} 7. Bb5 {[%emt 0:00:16]} Ne4 {[%emt 0:00:24]} 8. cxd4 {[%emt 0:00:12]} Bb6 {[%emt 0:00:07]} 9. h3 {[%emt 0:00:23]} Bd7 {[%emt 0:01:13]} 10. Ba4 {[%emt 0:05:32]} Ba5+ {[%emt 0:06:46]} 11. Bd2 {[%emt 0:03:23]} Nxd2 {[%emt 0:02:19]} 12. Nbxd2 {[%emt 0:01:59]} Bxd2+ {[%emt 0:01:02]} 13. Qxd2 {[%emt 0:01:46]} Nxe5 {[%emt 0:05:08]} 14. Nxe5 {[%emt 0:04:01]} Bxa4 {[%emt 0:00:20]} 15. Qb4 {[%emt 0:02:14]} Bc6 {[%emt 0:04:40]} 16. Rc1 {[%emt 0:17:55]} a5 {[%emt 0:06:25]} 17. Qc5 {[%emt 0:04:18]} Qe7 {[%emt 0:01:22]} 18. Qxe7+ {[%emt 0:12:53]} Kxe7 {[%emt 0:00:08]} 19. Nxc6+ {[%emt 0:05:02]} bxc6 {[%emt 0:00:06]} 20. Rxc6 {[%emt 0:00:31]} Kd7 {[%emt 0:00:05]} 21. Rc5 {[%emt 0:01:25]} c6 {[%emt 0:00:50]} 22. Kd2 {[%emt 0:01:57]} Rhb8 {[%emt 0:01:38]} 23. Rb1 {[%emt 0:07:41]} Rb4 {[%emt 0:15:02]} 24. Kd3 {[%emt 0:04:12]} Re8 {[%emt 0:29:02]} 25. f3 {[%emt 0:01:56]} Rb5 {[%emt 0:08:02]} 26. Rxb5 {[%emt 0:01:07]} cxb5 {[%emt 0:00:05]} 27. Rc1 {[%emt 0:00:27]} Rc8 {[%emt 0:00:24]} 28. Rc5 {[%emt 0:03:11]} Rxc5 {[%emt 0:06:20]} 29. dxc5 {[%emt 0:00:02]} b4 {[%emt 0:00:58]} 30. b3 {[%emt 0:03:01]} g5 {[%emt 0:04:11]} 31. g3 {[%emt 0:00:34]} f5 {[%emt 0:04:53]} 32. Ke3 {[%emt 0:02:07]} Kc7 {[%emt 0:00:39]} 33. h4 {[%emt 0:02:13]} f4+ {[%emt 0:03:04]} 34. gxf4 {[%emt 0:00:27]} gxh4 {[%emt 0:00:04]} 35. f5 {[%emt 0:00:20]} h3 {[%emt 0:00:17]} 36. Kf2 {[%emt 0:00:21]} d4 {[%emt 0:00:41]} 37. f6 {[%emt 0:00:14]} h2 {[%emt 0:00:11]} 38. Kg2 {[%emt 0:00:16]} d3 {[%emt 0:00:10]} 39. f7 {[%emt 0:00:05]} d2 {[%emt 0:00:04]} 40. f8=Q {[%emt 0:00:17]} h1=Q+ {[%emt 0:00:53]} 41. Kxh1 {[%emt 0:00:07]} d1=Q+ {[%emt 0:00:08]} 42. Kg2 {[%emt 0:05:18]} Qd2+ {[%emt 0:00:57]} 43. Kh3 {[%emt 0:01:27]} Qd7+ {[%emt 0:01:08]} 44. Kg3 {[%emt 0:00:50]} Kc6 {[%emt 0:00:53]} 45. Qa8+ {[%emt 0:04:06]} Kb5 {[%emt 0:00:42]} 46. Qb8+ {[%emt 0:02:00]} Kxc5 {[%emt 0:00:40]} 47. Qe5+ {[%emt 0:00:44]} Kb6 {[%emt 0:00:13]} 48. Qe3+ {[%emt 0:00:33]} Kb7 {[%emt 0:00:18]} 49. Qe4+ {[%emt 0:00:31]} Kb8 {[%emt 0:00:33]} 50. Kh4 {[%emt 0:00:29]} Qd8+ {[%emt 0:00:51]} 51. Kh5 {[%emt 0:00:35]} Qd2 {[%emt 0:00:33]} 52. Qe5+ {[%emt 0:02:58]} Kb7 {[%emt 0:00:23]} 53. Qb5+ {[%emt 0:01:45]} Kc8 {[%emt 0:00:22]} 54. Qxa5 {[%emt 0:01:30]} Qf4 {[%emt 0:00:34]} 55. Qa8+ {[%emt 0:00:37]} Kd7 {[%emt 0:00:36]} 56. Qb7+ {[%emt 0:00:18]} Ke6 {[%emt 0:00:32]} 57. Qc6+ {[%emt 0:00:44]} Kf7 {[%emt 0:00:33]} 58. Qd5+ {[%emt 0:00:35]} Kf6 {[%emt 0:00:29]} 59. Qd8+ {[%emt 0:00:35]} Kf5 {[%emt 0:00:29]} 60. Qd7+ {[%emt 0:00:32]} Kf6 {[%emt 0:00:31]} 61. Qd8+ {[%emt 0:00:26]} Kg7 {[%emt 0:00:32]} 62. Qd7+ {[%emt 0:00:36]} Qf7+ {[%emt 0:00:28]} 63. Qxf7+ {[%emt 0:00:07]} Kxf7 {[%emt 0:00:02]} 64. f4 {[%emt 0:00:34]} Kf6 65. Kh6 Kf5 66. Kxh7 Kxf4 67. Kg6 Ke4 68. Kf6 Kd3 69. Ke5 Kc2 70. Kd4 1/2-1/2

[Event "POL-chT 2nd League Juniors 2020"]
[Site "Sypniewo"]
[Date "2020.10.24"]
[Round "2.5"]
[White "Miarecka, Natalia"]
[Black "Lach, Alicja"]
[Result "1-0"]
[WhiteElo "1289"]
[BlackElo "1161"]
[Annotator "NA RC"]
[PlyCount "119"]
[EventDate "2020.10.23"]
[EventType "team-tourn"]
[EventCountry "POL"]
[SourceTitle "playchess.com"]
[Source "ChessBase"]
[SourceQuality "1"]
[TimeControl "5400+30"]

1. e4 c5 {[%emt 0:00:00]} 2. Nf3 {[%emt 0:00:00]} Nc6 {[%emt 0:00:00]} 3. c3 {[%emt 0:00:00]} d5 {[%emt 0:01:16]} 4. exd5 {[%emt 0:00:03]} Qxd5 {[%emt 0:00:06]} 5. d4 {[%emt 0:00:14]} Bg4 {[%emt 0:00:20]} 6. Be2 {[%emt 0:01:56]} Nf6 {[%emt 0:00:54]} 7. Be3 {[%emt 0:01:42]} cxd4 {[%emt 0:00:16]} 8. cxd4 {[%emt 0:00:37]} e6 {[%emt 0:01:00]} 9. Nc3 {[%emt 0:01:29]} Qd7 {[%emt 0:01:44]} 10. Ne5 {[%emt 0:04:03]} Bxe2 {[%emt 0:08:36]} 11. Nxd7 {[%emt 0:00:29]} Bxd1 {[%emt 0:00:15]} 12. Nxf6+ {[%emt 0:00:08]} gxf6 {[%emt 0:00:05]} 13. Rxd1 {[%emt 0:00:09]} f5 {[%emt 0:04:26]} 14. Ke2 {[%emt 0:05:13]} Bg7 {[%emt 0:03:45]} 15. d5 {[%emt 0:05:12]} Ne5 16. Nb5 {[%emt 0:05:49]} Rd8 {[%emt 0:14:14]} 17. dxe6 {[%emt 0:05:15]} fxe6 {[%emt 0:00:34]} 18. Rxd8+ {[%emt 0:01:08]} Kxd8 {[%emt 0:00:09]} 19. Rd1+ {[%emt 0:01:10]} Ke7 {[%emt 0:00:42]} 20. Bxa7 {[%emt 0:01:07]} Rc8 {[%emt 0:03:29]} 21. Bd4 {[%emt 0:02:32]} Bf6 {[%emt 0:00:40]} 22. f4 {[%emt 0:02:45]} Ng6 {[%emt 0:02:02]} 23. Bxf6+ {[%emt 0:01:14]} Kxf6 {[%emt 0:00:12]} 24. g3 {[%emt 0:00:47]} Ra8 {[%emt 0:02:22]} 25. a3 {[%emt 0:00:34]} Ra6 {[%emt 0:02:50]} 26. Rd7 {[%emt 0:02:13]} Rb6 {[%emt 0:00:43]} 27. a4 {[%emt 0:00:20]} Ra6 {[%emt 0:03:24]} 28. b3 {[%emt 0:00:18]} Rc6 {[%emt 0:02:42]} 29. Kd2 {[%emt 0:02:16]} Ne7 {[%emt 0:01:08]} 30. Rxb7 {[%emt 0:01:47]} h5 {[%emt 0:00:09]} 31. a5 {[%emt 0:02:23]} Nd5 {[%emt 0:00:55]} 32. Nd4 {[%emt 0:03:06]} Rd6 {[%emt 0:00:37]} 33. b4 {[%emt 0:00:53]} Nxf4 {[%emt 0:01:46]} 34. gxf4 {[%emt 0:00:39]} Rxd4+ {[%emt 0:00:07]} 35. Kc3 {[%emt 0:00:12]} Rxf4 {[%emt 0:00:37]} 36. a6 {[%emt 0:01:10]} Rf1 {[%emt 0:01:33]} 37. a7 {[%emt 0:01:14]} Ra1 {[%emt 0:00:10]} 38. b5 {[%emt 0:00:33]} f4 {[%emt 0:00:59]} 39. b6 {[%emt 0:01:44]} f3 {[%emt 0:00:33]} 40. Rb8 {[%emt 0:00:05]} Ke7 {[%emt 0:01:37]} 41. a8=Q {[%emt 0:00:43]} Rxa8 {[%emt 0:00:24]} 42. Rxa8 {[%emt 0:00:04]} f2 {[%emt 0:00:08]} 43. Ra1 {[%emt 0:00:05]} Kd6 {[%emt 0:00:15]} 44. Rb1 {[%emt 0:00:10]} Kc6 {[%emt 0:00:17]} 45. Kd4 {[%emt 0:00:24]} f1=Q {[%emt 0:00:59]} 46. Rxf1 {[%emt 0:00:06]} Kxb6 {[%emt 0:00:11]} 47. Rf6 {[%emt 0:00:07]} Kb5 {[%emt 0:00:15]} 48. Rxe6 {[%emt 0:00:07]} h4 {[%emt 0:00:09]} 49. Rh6 {[%emt 0:00:06]} h3 {[%emt 0:00:14]} 50. Rxh3 {[%emt 0:00:03]} Kc6 {[%emt 0:00:04]} 51. Rg3 {[%emt 0:00:05]} Kd6 {[%emt 0:00:10]} 52. h4 {[%emt 0:00:04]} Ke6 {[%emt 0:00:08]} 53. h5 {[%emt 0:00:04]} Kf6 {[%emt 0:00:10]} 54. h6 {[%emt 0:00:06]} Ke6 {[%emt 0:00:05]} 55. h7 {[%emt 0:00:04]} Kf6 {[%emt 0:00:05]} 56. h8=Q+ {[%emt 0:00:07]} Ke6 {[%emt 0:00:08]} 57. Qe5+ {[%emt 0:00:05]} Kd7 {[%emt 0:00:11]} 58. Qf6 {[%emt 0:00:04]} Kc7 {[%emt 0:00:05]} 59. Rg7+ {[%emt 0:00:05]} Kc8 {[%emt 0:00:12]} 60. Qf8# {[%emt 0:00:08]} 1-0

[Event "POL-chT 2nd League Juniors 2020"]
[Site "Sypniewo"]
[Date "2020.10.24"]
[Round "2.6"]
[White "Mainka, Anna"]
[Black "Predkiewicz, Paulina"]
[Result "0-1"]
[WhiteElo "1280"]
[BlackElo "1243"]
[Annotator "NA RC"]
[PlyCount "122"]
[EventDate "2020.10.23"]
[EventType "team-tourn"]
[EventCountry "POL"]
[SourceTitle "playchess.com"]
[Source "ChessBase"]
[SourceQuality "1"]
[TimeControl "5400+30"]

1. e4 {[%emt 0:00:00]} e5 {[%emt 0:00:00]} 2. Nf3 {[%emt 0:00:00]} Nc6 {[%emt 0:00:00]} 3. Bc4 {[%emt 0:00:00]} Nf6 {[%emt 0:00:00]} 4. d3 {[%emt 0:00:00]} Bc5 {[%emt 0:00:01]} 5. c3 {[%emt 0:00:17]} d6 {[%emt 0:00:21]} 6. Bb3 {[%emt 0:00:16]} Bg4 {[%emt 0:01:09]} 7. O-O {[%emt 0:01:22]} O-O {[%emt 0:00:15]} 8. Nbd2 {[%emt 0:01:20]} Bb6 {[%emt 0:03:14]} 9. Re1 {[%emt 0:01:23]} Nd7 {[%emt 0:03:28]} 10. Nf1 {[%emt 0:01:07]} Nc5 {[%emt 0:00:49]} 11. Bc2 {[%emt 0:01:32]} Ne6 {[%emt 0:00:45]} 12. Ng3 {[%emt 0:01:14]} f5 {[%emt 0:01:34]} 13. exf5 {[%emt 0:01:27]} Bxf5 {[%emt 0:00:14]} 14. Bb3 {[%emt 0:01:10]} Qe7 {[%emt 0:01:22]} 15. Ng5 {[%emt 0:01:43]} Ncd8 {[%emt 0:06:29]} 16. d4 {[%emt 0:15:04]} Kh8 {[%emt 0:01:40]} 17. Nxf5 {[%emt 0:01:59]} Rxf5 {[%emt 0:00:21]} 18. Nxe6 {[%emt 0:00:11]} Nxe6 {[%emt 0:00:11]} 19. Bc2 {[%emt 0:00:37]} Rf6 20. Rf1 {[%emt 0:06:52]} exd4 {[%emt 0:04:02]} 21. Qd3 {[%emt 0:05:27]} g6 {[%emt 0:01:42]} 22. Qe4 {[%emt 0:02:15]} Qg7 {[%emt 0:04:10]} 23. Qh4 {[%emt 0:09:38]} Qf7 {[%emt 0:02:02]} 24. Bb3 {[%emt 0:04:14]} dxc3 {[%emt 0:00:50]} 25. bxc3 {[%emt 0:01:07]} Rxf2 {[%emt 0:06:33]} 26. Rxf2 {[%emt 0:05:25]} Rf8 {[%emt 0:00:15]} 27. Be3 {[%emt 0:01:03]} Bxe3 {[%emt 0:00:14]} 28. Raf1 {[%emt 0:00:07]} Bxf2+ {[%emt 0:01:48]} 29. Rxf2 {[%emt 0:00:15]} Qxf2+ {[%emt 0:00:06]} 30. Qxf2 {[%emt 0:00:14]} Rxf2 {[%emt 0:00:06]} 31. Kxf2 {[%emt 0:00:05]} Nc5 {[%emt 0:00:04]} 32. Bd5 {[%emt 0:01:11]} Kg7 {[%emt 0:00:45]} 33. Ke3 {[%emt 0:00:14]} Kf6 {[%emt 0:00:11]} 34. Kd4 {[%emt 0:00:20]} h6 {[%emt 0:01:11]} 35. Bf3 {[%emt 0:00:39]} h5 {[%emt 0:01:15]} 36. Bd5 {[%emt 0:00:09]} g5 {[%emt 0:00:26]} 37. Bf3 {[%emt 0:00:36]} g4 {[%emt 0:00:22]} 38. Bd1 {[%emt 0:00:23]} c6 {[%emt 0:01:05]} 39. g3 {[%emt 0:00:14]} Ne6+ {[%emt 0:00:40]} 40. Ke4 {[%emt 0:00:30]} d5+ {[%emt 0:01:35]} 41. Ke3 {[%emt 0:00:12]} Ke5 {[%emt 0:00:11]} 42. Bc2 {[%emt 0:00:19]} c5 {[%emt 0:02:03]} 43. Bg6 {[%emt 0:00:20]} Ng7 {[%emt 0:00:09]} 44. Kd3 {[%emt 0:00:24]} b6 {[%emt 0:00:36]} 45. Ke3 {[%emt 0:00:17]} Kf6 {[%emt 0:00:25]} 46. Bd3 {[%emt 0:00:26]} Ne6 {[%emt 0:00:24]} 47. a4 {[%emt 0:00:09]} Ng5 {[%emt 0:01:29]} 48. Kf4 {[%emt 0:00:13]} Nf3 {[%emt 0:01:21]} 49. Ke3 {[%emt 0:00:12]} Nxh2 {[%emt 0:00:33]} 50. Be2 {[%emt 0:00:12]} Ke5 {[%emt 0:00:08]} 51. Kf2 {[%emt 0:00:08]} Ke4 {[%emt 0:00:16]} 52. Kg2 {[%emt 0:00:07]} Nf3 {[%emt 0:00:09]} 53. Kf2 {[%emt 0:00:06]} d4 {[%emt 0:00:35]} 54. cxd4 {[%emt 0:00:07]} cxd4 {[%emt 0:00:04]} 55. Kf1 {[%emt 0:00:07]} d3 {[%emt 0:00:10]} 56. Bxf3+ {[%emt 0:00:06]} gxf3 {[%emt 0:00:12]} 57. Ke1 {[%emt 0:00:06]} Ke3 {[%emt 0:00:14]} 58. Kf1 {[%emt 0:00:04]} d2 {[%emt 0:00:09]} 59. Kg1 {[%emt 0:00:04]} d1=Q+ {[%emt 0:00:16]} 60. Kh2 {[%emt 0:00:03]} Qf1 {[%emt 0:00:28]} 61. g4 {[%emt 0:00:03]} Qg2# 0-1

[Event "POL-chT 2nd League Juniors 2020"]
[Site "Sypniewo"]
[Date "2020.10.24"]
[Round "2.7"]
[White "Majocha, Piotr"]
[Black "Gardian, Adam"]
[Result "1-0"]
[WhiteElo "2074"]
[BlackElo "1859"]
[Annotator "TA"]
[PlyCount "61"]
[EventDate "2020.10.23"]
[EventType "team-tourn"]
[EventCountry "POL"]
[SourceTitle "playchess.com"]
[Source "ChessBase"]
[SourceQuality "1"]

{[%evp 17,61,25,39,29,32,44,34,50,52,45,68,75,124,127,155,36,35,29,27,16,57,20,84,78,89,85,77,69,63,70,70,54,84,30,29,11,534,532,550,576,520,139,766,755,29986,29987]} 1. Nf3 e6 2. c4 f5 3. g3 Nf6 4. Bg2 Be7 5. O-O O-O 6. d4 d6 7. Nc3 Ne4 8. Qc2 Nxc3 9. Qxc3 Bf6 10. Qc2 {A96: Classical Dutch: Fluid Systems: Early deviations.} e5 11. dxe5 dxe5 12. e4 {White is slightly better.} f4 13. gxf4 exf4 14. Bxf4 Bxb2 {[#]} 15. Rad1 $146 ({Don't take} 15. Qxb2 $6 Rxf4 16. Qe5 Qd6 $14) ({Predecessor:} 15. Qxb2 Rxf4 16. Qe5 Qf8 17. Nd4 Rf7 18. Rad1 Nd7 19. Qg5 h6 20. Qg3 Nf6 21. e5 {1-0 (59) Keyser,R (1999)-Light,B (2182) Germany 2019}) 15... Qe7 {[#]} 16. Bxc7 ({Don't play} 16. Qxb2 $6 Rxf4 17. Qd2 Rf8 $14) (16. Be3 $1 $16 Bf6 17. e5 Bxe5 18. Rfe1) 16... Qxc7 $14 17. Qxb2 Bg4 18. Rd3 Nd7 19. Nd4 {Hoping for Rg3.} Nc5 (19... Rad8 $11 {keeps the balance.}) 20. Rg3 $16 Be6 21. Nxe6 Nxe6 22. e5 Nf4 23. Bd5+ Kh8 24. Re1 Qa5 {[%cal Ra5e1]} 25. Qc3 (25. Ree3 $16 {Threatens to win with e6.} Nxd5 26. cxd5 Qxd5 27. e6 Qd1+ 28. Kg2 Qd5+ 29. Kf1) 25... Qxa2 $11 26. e6 $36 {[%csl Gg3][%cal Rc3g7][%mdl 2048] White is pushing.} Nh5 $4 {[%mdl 8192]} (26... Rf6 $1 $11 {and Black has nothing to worry.}) 27. Rg2 $18 Rf6 {White should prevent ...Nf4.} 28. Bxb7 Re8 {[#]} 29. f3 $2 (29. f4 $1 $18 {[%mdl 512] is the precise move to win.} Rg6 (29... Rxf4 30. Rxa2) 30. Rxg6 hxg6 31. Bc6 Nxf4 32. e7) 29... Qa4 $2 {[%mdl 8192]} (29... Rg6 $16 30. Rxg6 hxg6) 30. Ra1 Rxf3 31. Bxf3 {Av CentiPawn Loss W=-28/B=-111. Weighted=-33/-168} ({Not} 31. Rxa4 Rxc3 32. Rd2 h6 $14) 1-0

[Event "POL-chT 2nd League Juniors 2020"]
[Site "Sypniewo"]
[Date "2020.10.24"]
[Round "2.7"]
[White "Cichon, Jakub"]
[Black "Posluszny, Tomasz"]
[Result "0-1"]
[WhiteElo "1678"]
[BlackElo "2050"]
[Annotator "TA"]
[PlyCount "62"]
[EventDate "2020.10.23"]
[EventType "team-tourn"]
[EventCountry "POL"]
[SourceTitle "playchess.com"]
[Source "ChessBase"]
[SourceQuality "1"]

{[%evp 12,62,27,16,12,29,21,12,17,22,22,0,0,-88,-78,-121,-117,-125,-109,-146,-136,-229,-245,-258,-250,-209,-166,-167,-80,-62,-70,-106,-58,-164,-168,-157,-164,-699,-683,-1373,-1370,-1823,-1810,-29984,-29985,-29982,-2255,-29990,-2566,-29991,-29992,-29995,-29987]} 1. e4 c5 2. Nf3 d6 3. d4 cxd4 4. Nxd4 Nf6 5. Nc3 a6 6. Bg5 Nbd7 7. Bc4 Qb6 {B94: Sicilian Najdorf: 6 Bg5 Nbd7.} 8. Bb3 e6 9. O-O Be7 {The position is equal.} 10. Kh1 Nc5 11. Be3 Qc7 {[#]} 12. Qf3 $146 (12. f3 $11 {keeps the balance.}) ({Predecessor:} 12. f3 O-O 13. a3 e5 14. Nf5 Bxf5 15. exf5 Nxb3 16. cxb3 Qd7 17. g4 h6 18. Re1 {0-1 (61) Fernandez Ballon,A (2349)-Figura,A (2334) Remote email 2012}) 12... O-O $1 $17 13. Nde2 b5 {[%cal Bb7b5,Bb5b4][%mdl 32]} 14. Ng3 Bb7 15. Rfe1 b4 16. Bxc5 (16. Na4 $17 {is a better defense.}) 16... dxc5 $19 17. Nd1 c4 18. Ba4 Qa5 19. b3 Nxe4 (19... c3 $19 {has better winning chances.} 20. Qf4 Qc5) 20. Nxe4 $17 {aiming for Ne3.} f5 21. Qe2 {And now Nd2 would win.} Bxe4 22. Qxc4 ({Better is} 22. f3 $15 Bf6 23. Rc1) 22... Qe5 $1 $19 {White must now prevent ...Bd6.} 23. Ne3 Bd6 $40 {[%csl Gd6][%cal Re5h2][%mdl 128] Black has strong attack.} 24. f4 $2 (24. Nf1) 24... Qxf4 {[%csl Gd6][%cal Rf4h2]} 25. Qxe6+ Kh8 {[%csl Gd6][%cal Rf4h2]} 26. Nf1 Rf6 27. Qc4 {[#]} Rh6 $1 {[%mdl 512]} 28. Rxe4 fxe4 (28... Rxh2+ $142 29. Kg1 fxe4 30. Qd4 Rh5 31. Bd7 {[#]} Bc5 $1 {[%mdl 512]} 32. Qxc5 Rxc5 33. Nh2 Qd2 $1 {[%mdl 512]} 34. Kh1 Rxc2 35. Bh3 Rc1+ 36. Rxc1 Qxc1+ 37. Nf1 Qxf1+ 38. Kh2 Rf8 39. Bg4 Rf2 $1 {[%mdl 576] Double Attack} 40. Bh3 Rxa2 41. Kg3 g5 42. Kh2 Qf4+ 43. Kh1 Ra1#) 29. g3 Qf3+ 30. Kg1 Rf8 31. Qd4 Bc7 {Av CentiPawn Loss W=-210/B=-48. Weighted=-163/-79} 0-1

[Event "POL-chT 2nd League Juniors 2020"]
[Site "Sypniewo"]
[Date "2020.10.24"]
[Round "2.8"]
[White "Oleksy, Krzysztof"]
[Black "Mikolajski, Marcin"]
[Result "1-0"]
[WhiteElo "1934"]
[BlackElo "1120"]
[Annotator "TA"]
[PlyCount "53"]
[EventDate "2020.10.23"]
[EventType "team-tourn"]
[EventCountry "POL"]
[SourceTitle "playchess.com"]
[Source "ChessBase"]
[SourceQuality "1"]

{[%evp 9,53,70,72,82,86,83,80,86,155,47,63,22,26,28,51,-17,98,-12,70,73,158,133,227,196,244,185,177,133,145,128,142,126,418,348,1970,1947,2072,439,2051,2020,29993,29991,29991,29992,29992,681]} 1. d4 c5 2. c3 cxd4 3. cxd4 g6 4. e4 Nf6 5. Nc3 d5 6. e5 {B22: Sicilian: 2 c3.} Nh5 {[#]} 7. Qb3 $146 ({Predecessor:} 7. Bb5+ Nc6 8. Qa4 Qd7 9. Nf3 Rb8 10. h3 a6 11. Bxc6 bxc6 12. Qa5 Qb7 13. Qa4 {0-1 (30) Krapivina,R (1893)-Morokov,A (1716) Novokuznetsk 2014}) 7... e6 8. Nf3 {White is better.} a6 ({Black should try} 8... h6) 9. a4 ({Better is} 9. g4 $16 Ng7 10. Bh6) 9... Nc6 10. Be3 (10. g4 $5 {[%cal Rg4h5]} Ng7 11. Bh6 $16) 10... Ng7 11. Bd3 $36 {[%mdl 2048] Black is under pressure.} Nf5 12. O-O (12. Bxf5 $1 $14 gxf5 13. O-O) 12... Bg7 (12... Nxe3 $11 {remains equal.} 13. fxe3 Bh6) 13. Ne2 (13. Bxf5 $1 $16 {Hoping for Bd3.} gxf5 14. Ne2) 13... O-O (13... Nxe3 $11 14. fxe3 O-O) 14. Bxf5 $14 gxf5 (14... exf5 $142 15. Bg5 f6 16. exf6 Bxf6) 15. Nf4 Re8 (15... f6 $16) 16. Rac1 f6 {[%cal Rf6e5]} 17. exf6 Bxf6 18. Nd3 Kh8 19. Nde5 Bxe5 20. dxe5 {Black must now prevent Bg5.} ({Don't take} 20. Nxe5 Nxe5 21. dxe5 Rg8 $16) 20... Qe7 $2 {[%mdl 8192] [#] Loses the game.} (20... Rg8 $16) 21. Bg5 $18 Nd4 $2 (21... Qf7 22. Rc3 h6 23. Bxh6 Qg6) 22. Bxe7 Nxb3 23. Bf6+ Kg8 24. Rc7 {[#] White wants to mate with Ng5.} b5 25. Rg7+ {White mates.} Kf8 26. Ng5 {[%cal Rg5h7]} Re7 27. Nxh7+ {Av CentiPawn Loss W=-74/B=-192. Weighted=-49/-167} (27. Rxe7 $142 Nd4 28. Nxh7+ Kg8 29. Rg7+ Kh8 30. Nf8 Nf3+ 31. gxf3 bxa4 32. Rg6#) 1-0

[Event "POL-chT 2nd League Juniors 2020"]
[Site "Sypniewo"]
[Date "2020.10.24"]
[Round "2.8"]
[White "Kubica, Dominik"]
[Black "Szuber, Dawid"]
[Result "0-1"]
[WhiteElo "1577"]
[BlackElo "1496"]
[Annotator "NA RC"]
[PlyCount "92"]
[EventDate "2020.10.23"]
[EventType "team-tourn"]
[EventCountry "POL"]
[SourceTitle "playchess.com"]
[Source "ChessBase"]
[SourceQuality "1"]
[TimeControl "5400+30"]

1. e4 {[%emt 0:00:00]} c5 {[%emt 0:00:00]} 2. d4 {[%emt 0:00:00]} d5 {[%emt 0:15:44]} 3. exd5 {[%emt 0:06:11]} Qxd5 {[%emt 0:00:23]} 4. Nf3 {[%emt 0:04:07]} e6 {[%emt 0:04:17]} 5. Nc3 {[%emt 0:04:30]} Qd8 {[%emt 0:01:03]} 6. Bf4 {[%emt 0:05:27]} Nf6 {[%emt 0:04:44]} 7. Bc4 {[%emt 0:08:14]} a6 {[%emt 0:04:04]} 8. O-O {[%emt 0:13:34]} b5 {[%emt 0:01:58]} 9. Bd3 {[%emt 0:03:42]} c4 {[%emt 0:02:38]} 10. Be2 {[%emt 0:01:34]} Nc6 {[%emt 0:09:40]} 11. Re1 {[%emt 0:02:33]} Be7 {[%emt 0:00:56]} 12. a4 {[%emt 0:07:04]} b4 {[%emt 0:06:40]} 13. Nb1 {[%emt 0:03:33]} Na5 {[%emt 0:04:26]} 14. Ne5 {[%emt 0:03:04]} Nd5 {[%emt 0:03:17]} 15. Bg3 {[%emt 0:07:41]} c3 {[%emt 0:07:37]} 16. bxc3 {[%emt 0:01:26]} bxc3 {[%emt 0:00:09]} 17. Qd3 {[%emt 0:02:41]} Bb4 {[%emt 0:02:34]} 18. Na3 {[%emt 0:05:57]} Bb7 {[%emt 0:04:07]} 19. Nac4 {[%emt 0:07:34]} Nxc4 {[%emt 0:00:34]} 20. Qxc4 {[%emt 0:00:47]} Rc8 {[%emt 0:02:09]} 21. Qd3 {[%emt 0:00:28]} O-O {[%emt 0:01:11]} 22. Bh5 {[%emt 0:03:29]} Nf6 {[%emt 0:02:43]} 23. Bh4 {[%emt 0:02:04]} Be7 {[%emt 0:02:27]} 24. Bxf7+ {[%emt 0:02:24]} Rxf7 {[%emt 0:01:26]} 25. Nxf7 {[%emt 0:00:08]} Kxf7 {[%emt 0:00:07]} 26. Bxf6 {[%emt 0:02:16]} Bxf6 {[%emt 0:01:15]} 27. Qxh7 {[%emt 0:00:47]} Qd5 {[%emt 0:01:36]} 28. Qh3 {[%emt 0:01:05]} Rc4 {[%emt 0:02:28]} 29. Rab1 {[%emt 0:00:55]} Rxd4 {[%emt 0:02:05]} 30. f3 {[%emt 0:01:08]} Bc6 {[%emt 0:03:40]} 31. Qg3 {[%emt 0:00:35]} e5 {[%emt 0:01:00]} 32. Qh3 {[%emt 0:00:17]} e4 {[%emt 0:01:31]} 33. fxe4 {[%emt 0:00:32]} Rxe4 {[%emt 0:00:01]} 34. Rf1 {[%emt 0:00:39]} Re2 {[%emt 0:04:09]} 35. Rxf6+ {[%emt 0:00:25]} gxf6 {[%emt 0:01:22]} 36. Qh7+ {[%emt 0:00:10]} Ke6 {[%emt 0:00:22]} 37. Qg8+ {[%emt 0:00:39]} Ke7 {[%emt 0:02:16]} 38. Qh7+ {[%emt 0:00:41]} Kd6 {[%emt 0:01:11]} 39. Qd3 {[%emt 0:00:25]} Qxd3 {[%emt 0:00:18]} 40. cxd3 {[%emt 0:00:05]} Rb2 {[%emt 0:00:40]} 41. Rc1 {[%emt 0:00:10]} c2 {[%emt 0:00:26]} 42. Kf2 {[%emt 0:00:06]} Bxa4 {[%emt 0:00:18]} 43. Ke3 {[%emt 0:00:06]} Rb1 {[%emt 0:00:09]} 44. Kd2 {[%emt 0:00:07]} Rxc1 {[%emt 0:00:04]} 45. Kxc1 {[%emt 0:00:04]} Ke5 {[%emt 0:00:57]} 46. Kd2 {[%emt 0:00:06]} Bb3 {[%emt 0:00:41]} 0-1